000 00586nam a2200193Ia 4500
005 20260120124607.0
008 008 260114s9999 xx 000 0 eng d
020 _a9781848558786
037 _aEBOOK
040 _aCRL
_beng
_cCRL
041 _aeng
_2eng
084 _qCRL
245 0 _aFinancial Modeling Applications and Data Envelopment Applications
260 _bEmerald Publishing
_c2009
700 _aKenneth D. Lawrence
_9908170
856 _uhttps://www.emerald.com/insight/publication/doi/10.1108/S0276-8976(2009)13
942 _cEBOOK
999 _c1500059
_d1500059